Budoucnost zní: připojištění
Zákon č. 42/94 Zb., o dôchodkovom pripoistení. Vznik penzijných fondov. Rôzne systémy dôchodkového pripoistenia vo svete. Trojstupňové sústavy dôchodkového zabezpečenia vo vyspelých krajinách s trhovou ekonomikou. Základné typy pripoistenia - priebežné financovanie, fondovanie, systém účtovnej rezer...
Gespeichert in:
| 1. Verfasser: | |
|---|---|
| Format: | Buchkapitel |
| Sprache: | Tschechisch |
| Schlagworte: | |
| Tags: |
Keine Tags, Fügen Sie das erste Tag hinzu!
|
MARC
| LEADER | 00000naa a2200000 4500 | ||
|---|---|---|---|
| 001 | r015692 | ||
| 005 | 20221205085926.3 | ||
| 041 | 0 | |a cze | |
| 044 | |a CZ | ||
| 245 | 1 | 0 | |a Budoucnost zní: připojištění |c M. Polívka |
| 520 | |a Zákon č. 42/94 Zb., o dôchodkovom pripoistení. Vznik penzijných fondov. Rôzne systémy dôchodkového pripoistenia vo svete. Trojstupňové sústavy dôchodkového zabezpečenia vo vyspelých krajinách s trhovou ekonomikou. Základné typy pripoistenia - priebežné financovanie, fondovanie, systém účtovnej rezervy. Nedostatky dôchodkového pripoistenia v ČR. | ||
| 610 | 2 | 0 | |a poistenie dôchodkové |
| 610 | 2 | 0 | |a čiastka poistná |
| 610 | 2 | 0 | |a zabezpečenie dôchodkové |
| 610 | 2 | 0 | |a svet |
| 610 | 2 | 0 | |a Česko |
| 100 | 1 | |a Polívka, M. | |